00836naa#a2200169#i#4500001001600000005001700016011001400033100004100047102000700088200019600095210011900291215001000410608004500420675012500465700005200590856002400642RU\\bibl\12159020260514210640.4##a2414-3995##a20251022b2025####ek#y0rusy0150####ca##aRU1#aФормирование мировоззренческих убеждений у курсантов учебных учреждений МВД РоссииeЖурнальная статья1#aМоскваcМосковский университет МВД России имени В.Я. Кикотяd2025##a5 с.##aЖурнальная статья2local##aНародное образование. Воспитание. Обучение. Организация досуга. 37#1aРодинgВладимир Федорович4#amosumvd.editorum.ru